কৃষি উৎপাদন হাতবই / (Record no. 6903)
[ view plain ]
| 000 -LEADER | |
|---|---|
| fixed length control field | 00913nam a22002057a 4500 |
| 001 - CONTROL NUMBER | |
| control field | BD-DhSAU 6903 |
| 003 - CONTROL NUMBER IDENTIFIER | |
| control field | BD-DhSAU |
| 005 - DATE AND TIME OF LATEST TRANSACTION | |
| control field | 20150514125145.0 |
| 008 - FIXED-LENGTH DATA ELEMENTS--GENERAL INFORMATION | |
| fixed length control field | 150514b2001 bg ||||| |||| 00| 0 ben d |
| 040 ## - CATALOGING SOURCE | |
| Original cataloging agency | BD-DhSAU |
| 082 ## - DEWEY DECIMAL CLASSIFICATION NUMBER | |
| Edition number | 22 |
| Classification number | ৩৮১.০২০২ |
| Item number | কৃষিউ |
| 100 ## - MAIN ENTRY--PERSONAL NAME | |
| Personal name | ইসলাম, কাজী রেজাউল |
| 245 ## - TITLE STATEMENT | |
| Title | কৃষি উৎপাদন হাতবই / |
| Statement of responsibility, etc. | কাজী রেজাউল ইসলাম |
| 260 ## - PUBLICATION, DISTRIBUTION, ETC. (IMPRINT) | |
| Place of publication, distribution, etc. | ঢাকা : |
| Name of publisher, distributor, etc. | স্থানীয় সরকার প্রকৌশল অধিদপ্তর , |
| Date of publication, distribution, etc. | ২০০১. |
| 300 ## - PHYSICAL DESCRIPTION | |
| Extent | viii, ১৩৬ পৃ। : |
| Other physical details | চিত্র ; |
| Dimensions | ২৫ সে মি। |
| 590 ## - Name of Cataloguer | |
| Name of Cataloger | Jerin |
| 650 ## - SUBJECT ADDED ENTRY--TOPICAL TERM | |
| Topical term or geographic name as entry element | Agronomy |
| 650 ## - SUBJECT ADDED ENTRY--TOPICAL TERM | |
| Topical term or geographic name as entry element | কৃষি উৎপাদন |
| 710 ## - ADDED ENTRY--CORPORATE NAME | |
| Corporate name or jurisdiction name as entry element | স্থানীয় সরকার প্রকৌশল অধিদপ্তর, এলজিইডি ভবন |
| 942 ## - ADDED ENTRY ELEMENTS (KOHA) | |
| Source of classification or shelving scheme | Dewey Decimal Classification |
| Koha item type | Book |
| Withdrawn status | Lost status | Source of classification or shelving scheme | Damaged status | Not for loan | Collection code | Home library | Branch Name | Shelving location | Date acquired | Total Checkouts | Full call number | Barcode | Date last seen | Price effective from | Koha item type |
|---|---|---|---|---|---|---|---|---|---|---|---|---|---|---|---|
| Dewey Decimal Classification | Not For Loan | Reference | SAU Library | SAU Library | Reference | 22/12/2005 | ৩৮১.০২০২ কৃষিউ | 31583 x | 14/05/2015 | 14/05/2015 | Book |
